000 00309nam a22001337a 4500
020 _a9780471184768
040 _cNust
082 _a540.21
_bBRA
100 _ajames-e-brady
_9127581
245 _achemistry
260 _aNew York:
_bJohn Wiley and sons Inc,
_c2000.
650 _achemistry
942 _2ddc
_cBK
999 _c612663
_d612663